Eniten oliiviöljyä tuottavat valtiot - Statistics

Yleistilastot
  • Tätä visaa on pelattu 652 kertaa
  • Keskiarvotulos 15 / 20
Vastaustilastot
Tuotanto Valtio % Oikein
339 Italia
95%
1492 Espanja
94%
293 Kreikka
94%
229 Portugali
87%
34,7 Egypti
86%
222 Turkki
86%
195 Marokko
81%
16,0 Yhdysvallat
80%
12,0 Israel
78%
71,0 Algeria
76%
7,03 Iran
74%
144 Tunisia
74%
17,0 Libya
73%
104 Syyria
68%
23,4 Jordania
58%
17,1 Libanon
58%
22,6 Australia
54%
11,5 Albania
52%
30,0 Argentiina
50%
24,8 Chile
45%
Ehtoja vastaavia visoja ei löytynyt
Tulosjakauma
Jokaisen tuloksen saaneiden osuus
Persentiili vastausten määrän mukaan
Tuloshistoriasi
Et ole pelannut tätä visaa